L Answers Quiz #2 - Statistics

General Stats
  • This quiz has been taken 37,922 times
  • The average score is 15 of 24
Answer Stats
Clue Answer % Correct
U.S. state named after a French king Louisiana
91%
Mario's brother Luigi
91%
Capital of Peru Lima
90%
Scottish word for lake Loch
90%
The 40 days before Easter Lent
80%
Symbol of the zodiac Leo
80%
Type of flower, yoga position, or British sports car Lotus
78%
Shirt brand with a crocodile logo Lacoste
76%
Symbol of the zodiac Libra
76%
Fictional knight who presumably used his lance frequently Lancelot
73%
Vladimir Ilyich Ulyanov Lenin
70%
Norse trickster god Loki
66%
Singular of lice Louse
62%
Egyptian city or Vegas casino Luxor
55%
Canadian region paired with Newfoundland Labrador
53%
Dog who helped rescue Timmy from the well Lassie
52%
He saved Princess Zelda Link
52%
Game of Thrones house that always pays its debts Lannister
49%
Brand of $100 yoga pants Lululemon
47%
Janet Jackson's sister Latoya
42%
Scottish plane crash site of Pan Am 103 Lockerbie
36%
Adam's first wife - in Jewish legend Lilith
27%
Woman from "The Raven" whose name rhymes with nevermore Lenore
26%
Author who invented Cthulhu Lovecraft
25%
No matching quizzes found
Score Distribution
Percent of People with Each Score
Percentile by Number Answered
Your Score History
You have not taken this quiz